000 01110nas a2200361 4500
001 BR0102938
003 BR-BrBNA
005 20231205102321.0
007 ta
008 230509b bl.|||p| |||| 00| 00por d
040 _aBR-BrBNA
_bpor
_cBiblioteca Nacional de Agricultura
041 _a(Pt)
072 _aF30; F06
100 1 _aCamargo, C.E.O.
100 1 _aFerreira Filho, A.W.P.
100 1 _aBarros, B.C.
100 1 _aPettinelli Junior, A.
100 1 _aSantos, R.R.
245 1 _aTrigo duro, trigo comum e triticale: avaliacao de linhagens em condicoes de irrigacao e de solucoes nutritivas
650 _aTrigo
650 _aTriticale
650 _aFerrugem
650 _aVariedade Resistente
650 _aAluminio
650 _aIrrigacao
650 _aCaracteristicas Agronomicas
650 _aResistencia a Produtos Quimicos
650 _aSolucao Nutritiva
650 _aSao Paulo
773 0 _tArquivos do Instituto Biologico (Brazil)
_xISSN 0020-3653
_g(Jan-Dec 1993), v. 60(1-2) p. 38-47
_wBR0102938
909 _a202311
_bLúcia
_c55
_dLúcia Elande
942 _2AGRIS
_n0
_cANA
999 _c166946
_d166946